Random Naval Jacks of the World - Statistics

General Stats
  • This quiz has been taken 36 times
  • The average score is 22 of 27
Answer Stats
Picture Answer % Correct
Australia
100%
India
100%
Israel
100%
United Kingdom
100%
China
97%
Japan
97%
Libya
97%
Bulgaria
94%
Croatia
94%
Egypt
94%
Kenya
94%
Morocco
94%
Belgium
91%
Bolivia
88%
Serbia
88%
Brunei
85%
Ireland
85%
Grenada
79%
Sudan
79%
Confederate States of America
76%
SFR Yugoslavia
70%
Tonga
70%
Colombia
64%
Kingdom of Hawaii
64%
Latvia
45%
Cyprus
18%
Myanmar
9%
No matching quizzes found
Score Distribution
Percent of People with Each Score
Percentile by Number Answered
Your Score History
You have not taken this quiz